It looks like you're offline.
Open Library logo
additional options menu

MARC Record from Scriblio

Record ID marc_records_scriblio_net/part15.dat:109104063:724
Source Scriblio
Download Link /show-records/marc_records_scriblio_net/part15.dat:109104063:724?format=raw

LEADER: 00724cam 22002413a 4500
001 2004718891
003 DLC
005 20041122130431.0
008 031201s2003 nyu 000 1 eng d
042 $alccopycat
010 $a 2004718891
035 $a(OCoLC)ocm53808949
040 $aCLE$cCLE$dOCLCQ$dDLC
020 $a0451209974
050 00 $aCPB Box no. 2248 vol. 7
100 1 $aMansfield, Elizabeth,$d1925-
245 13 $aAn encounter with Venus /$cElizabeth Mansfield.
260 $aNew York :$bSignet,$c2003.
300 $a215 p. ;$c18 cm.
440 0 $aSignet Regency romance
655 7 $aRegency fiction.$2gsafd
655 7 $aHistorical fiction.$2gsafd
710 2 $aCopyright Paperback Collection (Library of Congress)$5DLC